| 000 | 00768 a2200217 4500 | ||
|---|---|---|---|
| 010 | _aENG-85186 | ||
| 020 |
_a8188865214 _c350.00 |
||
| 035 | _aEN-68719 | ||
| 037 | _bD.B.Act / Pub | ||
| 082 | 1 | 4 | _a150 |
| 090 |
_c1646 _d1646 |
||
| 100 | 1 | _aBidyadhar S. A. | |
| 245 | 1 |
_aFocussing on some psychological dimensions of tribal _cby Bidyadhar S A |
|
| 260 |
_aDelhi _bGagandeep Publications, _c2007. |
||
| 270 |
_a212, Krishna Gali No. 2, Maujpur _bDelhi _cDelhi _e110053 _k9312073850 _mgagandeepbooks@yahoo.co.in |
||
| 300 |
_axx, 123 p. _bill. _c23 cm (Hb) |
||
| 500 | _aIncludes bibliographical references and index | ||
| 650 | 0 | _aTribal | |
| 942 |
_adpl _cEN _k150 / BID |
||
| 999 |
_c1617 _d1617 |
||